000 00655nam a22002417a 4500
003 UA-OsUOA
001 58958
007 ta
008 20090304b un ||||| |||| 00| 0 ukr d
100 _aКедрін Д.Б.
090 _a821.161.2
_bК33
942 _cBK
040 _aUA-OsUOA
_bukr
_cUA-OsUOA
_dUA-OsUOA
245 _aВибране
_bВірші,поеми,драма
300 _a298 с.
955 _a3
041 _aukr
080 _a821.161.2
020 _a978-966-511-329-1
260 _aДніпропетровськ
_bСіч
_c2007
650 7 _a82 Література. Літературознавство
_2UDC
999 _c345048
_d345048